000 00547cab a2200205 4500
001 ABS44876
008 090401t1991 xxu||||| |||| 00| 0 eng d
035 _a(Sirsi) u49643
041 _aeng
100 _aBartlett, F.
245 _aIn praise of the East
260 _c1991
350 _a0
490 _aAsian Property
_vMay 1991, p25-27(4)
520 _aReports on the office market in the Tsimshatsui East (TST East) area of Hong Kong .
650 _aASIA
690 _aOVERSEAS-REST OF THE WORLD
942 _n0
948 _c04/03/1997
999 _c31079
_d31079